[Event "Noisiel op 8th"]
[Site "Noisiel"]
[Date "2023.02.22"]
[Round "7"]
[White "Vinod, Kumar B"]
[Black "Nguyen, Vincent1111"]
[Result "0-1"]
[WhiteElo "2106"]
[BlackElo "2172"]
[PlyCount "66"]
[EventDate "2023.02.18"]
[EventType "swiss"]
[EventRounds "9"]
[EventCountry "FRA"]
[SourceTitle "CBM 212 Extra"]
[Source "ChessBase"]
[SourceDate "2023.03.31"]
[SourceVersion "1"]
[SourceVersionDate "2023.03.31"]
[SourceQuality "1"]

1. d4 d5 2. Nc3 Nf6 3. Bg5 Nbd7 4. f3 c5 5. e4 dxe4 6. d5 exf3 7. Nxf3 g6 8. Qd2 Bg7 9. 0-0-0 0-0 10. Bb5 a6 11. Bxd7 Bxd7 12. d6 Be6 13. dxe7 Qxe7 14. Rhe1 Rfd8 15. Qf4 Rxd1+ 16. Rxd1 Nh5 17. Qe3 Qc7 18. Ne4 c4 19. h3 h6 20. Bxh6 Bxh6 21. Qxh6 Qf4+ 22. Qxf4 Nxf4 23. Neg5 Bd5 24. Ne5 Re8 25. Nd7 Kg7 26. Rf1 Nxg2 27. Nb6 Re5 28. Nxd5 Rxg5 29. Nb6 Rg3 30. Rg1 f5 31. Nxc4 f4 32. Kd2 Ne3 33. Rxg3 Nxc4+ 0-1

[Event "Noisiel op 8th"]
[Site "Noisiel"]
[Date "2023.02.18"]
[Round "1"]
[White "Vinod, Kumar B"]
[Black "Nguyen, Piotr"]
[Result "0-1"]
[WhiteElo "2106"]
[BlackElo "2419"]
[PlyCount "55"]
[EventDate "2023.02.18"]
[EventType "swiss"]
[EventRounds "9"]
[EventCountry "FRA"]
[SourceTitle "CBM 212 Extra"]
[Source "ChessBase"]
[SourceDate "2023.03.31"]
[SourceVersion "1"]
[SourceVersionDate "2023.03.31"]
[SourceQuality "1"]

1. d4 g6 2. Nc3 Bg7 3. e4 d6 4. Bg5 a6 5. Qd2 b5 6. a3 Bb7 7. f3 Nd7 8. Nge2 c5 9. g4 cxd4 10. Nxd4 h5 11. gxh5 Rxh5 12. Be3 Rc8 13. a4 b4 14. Nce2 a5 15. Nf4 Re5 16. Nd3 Rh5 17. Nf4 Re5 18. Nd3 Rh5 19. Nf4 Bxd4 20. Bxd4 Rh7 21. Nd3 Ngf6 22. b3 e5 23. Bb2 Nh5 24. 0-0-0 Ng3 25. Nxe5 Nc5 26. Bb5+ Kf8 27. Nxg6+ Kg8 28. Qg2 0-1